| 000 | 01088cam a2200265 a 4500 | ||
|---|---|---|---|
| 001 | 4441214 | ||
| 005 | 20250123082856.0 | ||
| 008 | 940602s1993 dcua b 000 0 eng d | ||
| 020 | _a1558100911 | ||
| 050 | 0 | 4 |
_aRA427.8 _b.P725 1993 |
| 082 | 0 | 0 |
_a613/.0973 _220 |
| 245 | 0 | 0 |
_aPrevention across the life span : _bhealthy people for the twenty-first century / _cAmerican Nurses Association, Council of Community Health Nursing ; edited by Ruth N. Knollmueller. |
| 260 |
_aWashington : _bAmerican Nurses Pub., _cc1993. |
||
| 300 |
_axix, 119 p. : _bill. ; _c23 cm. |
||
| 500 | _a"CH-27 5M 11/93." | ||
| 650 | 0 |
_aMedicine, Preventive _zUnited States. |
|
| 650 | 0 |
_aHealth promotion _zUnited States. |
|
| 650 | 2 |
_aHealth Promotion _zUnited States _xnurses' instruction. |
|
| 650 | 2 |
_aPreventive Medicine _zUnited States _xnurses' instruction. |
|
| 650 | 2 |
_aPublic Health Nursing _zUnited States. |
|
| 650 | 2 |
_aCommunity Health Nursing _zUnited States. |
|
| 700 | 1 | _aKnollmueller, Ruth N. | |
| 710 | 2 | _aCouncil of Community Health Nurses (American Nurses' Association) | |
| 942 |
_2lcc _cBK _n0 |
||
| 999 |
_c2873 _d2873 |
||